The welfare system as it applies to staff and workers in China (Record no. 16772)

000 -LEADER
fixed length control field 00400pab a2200145 454500
008 - FIXED-LENGTH DATA ELEMENTS--GENERAL INFORMATION
fixed length control field 180718b1986 xxu||||| |||| 00| 0 eng d
100 ## - MAIN ENTRY--PERSONAL NAME
Personal name Liang, Ziao
245 ## - TITLE STATEMENT
Title The welfare system as it applies to staff and workers in China
260 ## - PUBLICATION, DISTRIBUTION, ETC.
Date of publication, distribution, etc. 1986
300 ## - PHYSICAL DESCRIPTION
Extent 449-58
650 ## - SUBJECT ADDED ENTRY--TOPICAL TERM
Topical term or geographic name entry element Public Welfare - China
700 ## - ADDED ENTRY--PERSONAL NAME
Personal name Wang Yongle
773 ## - HOST ITEM ENTRY
Main entry heading International Social Science Journal
909 ## -
-- 16772
Holdings
Withdrawn status Lost status Damaged status Not for loan Permanent Location Current Location Date acquired Serial Enumeration / chronology Barcode Date last seen Price effective from Koha item type
        Indian Institute of Public Administration Indian Institute of Public Administration 2018-07-19 Volume no: 38, Issue no: 3 AR16832 2018-07-19 2018-07-19 Articles

Powered by Koha